Profitable vocations for girls /

Bibliographic Details
Main Author: Weaver, E. W., 1862-1922
Format: Book
Language:English
Published: New York, Chicago : The A. S. Barnes company, 1915.
Series:Vocational series.
Subjects:

MARC

Tag First Indicator Second Indicator Subfields
LEADER 00000cam a2200000 4500
001 in00000055229
005 20151008052207.0
008 750723s1915 nyu b 00000 eng u
010 |a  15006561  
035 |a (OCoLC)01470816 
035 |9 AAH2150AM 
040 |c TOL  |d TXA  |d UtOrBLW 
049 |a TXAM  |c [29938] 
050 0 |a HD6058  |b .W27 
092 |a 371.42  |b W363p 
100 1 |a Weaver, E. W.,  |d 1862-1922. 
245 1 0 |a Profitable vocations for girls /  |c prepared by a committee of teachers under the direction of E. W. Weaver... 
264 1 |a New York,  |a Chicago :  |b The A. S. Barnes company,  |c 1915. 
300 |a  ix, 212 pages :  |b including frontispiece, diagrams ;  |c 19 cm. 
336 |a text  |b txt  |2 rdacontent 
337 |a unmediated  |b n  |2 rdamedia 
338 |a volume  |b nc  |2 rdacarrier 
490 1 |a The Vocational series 
500 |a A new edition of "Vocations for girls", published 1913. 
650 0 |a Vocational guidance. 
650 0 |a Women  |x Employment. 
830 0 |a Vocational series. 
999 |a MARS 
999 f f |s 6bcff23e-30cb-38c8-836b-a78d85c99884  |i d29675fd-9de4-38b9-b8e3-78f5dcec7a11  |t 0 
952 f f |p ric  |a Texas A&M University  |b Rellis Campus  |c Joint Library Facility  |d Remote Storage  |t 0  |e HD6058 .W27  |h Library of Congress classification  |i unmediated -- volume  |m A14800839016 
998 f f |a HD6058 .W27  |t 0  |l Remote Storage